Durmayan adam: (Record no. 14918)

MARC details
000 -BAŞLIK
Sabit Uzunlukta Kontrol Alanı 00874nam a22002657a 4500
999 ## - SİSTEM KONTROL NUMARALARI (KOHA)
Koha Biblionumber 14918
Koha Biblioitemnumber 14918
003 - KONTROL NUMARASI IDENTIFIER
Denetim Alanı MIRAKIL
005 - SON İŞLEM TARİHİ VE ZAMANI
Denetim Alanı 20220518111955.0
008 - SABİT-BOY VERİ ELEMANLARI - GENEL BİLGİLER
Sabit Uzunlukta Kontrol Alanı 220518b tu ||||| |||| 00| 0 tur d
020 ## - ULUSLARARASI STANDART KİTAP NUMARASI
Uluslararası Standart Kitap Numarası 9786055669256
040 ## - KATALOGLAMA KAYNAK
Orijinal Kataloglama Ajansı TR-AnCHP
Metne Dönüştürmek Ajansı TR-AnCHP
041 ## - DİL KODU
Metin / Ses Parça Veya Ayrı Başlığın Dil Kodu tur
082 ## - DEWEY ONLU SINIFLANDIRMA NUMARASI
Sınıflandırma Numarası 814.42
Ürün Numarası A41d 2018
100 ## - ANA GİRİŞ - KİŞİSEL İSİM
Kişisel Ad Albayrak, B. Sadık
245 10 - BAŞLIK TABLOSU
Başlık Durmayan adam:
Başlığın Kalan köy enstitülü Hüseyin Dündar Kızılelma anlatıyor/
246 ## - UNVAN FORM VARYING
Başlık Doğru / Kısa Başlığı köy enstitülü Hüseyin Dündar Kızılelma anlatıyor
260 ## - YAYIN, DAĞITIM, VB
Yayın, Dağıtım, Vb Yeri İstanbul :
Yayıncı, Dağıtıcı, Vs Adı Doğu Kitabevi,
Yayın, Dağıtım, Vb Tarihi 2018.
300 ## - FİZİKSEL TANIM
Kapsam 300 s.:
Diğer Fiziksel Ayrıntıları fotg.;
Boyutlar 19 sm.
490 0# - SERİSİ TABLOSU
Seri Beyanı Doğu Kitabevi;
Hacim / Ardışık Tanımı 153.
600 #0 - KONU KATMA GİRİŞ - KURUMSAL ADI
9 (RLIN) 7091
Kişisel Ad Kızılelma, H. Dündar
Genel Alt Bölümü Anılar
650 #0 - KONU KATMA GİRİŞ - TOPİKAL DÖNEM
9 (RLIN) 5603
Topikal Süreli Veya Coğrafi Ad Giriş Elemanı Söyleşiler
700 ## - KATMA GİRİŞ - KİŞİSEL İSİM
9 (RLIN) 7092
Kişisel Ad Şilkan, Tahir
700 ## - KATMA GİRİŞ - KİŞİSEL İSİM
9 (RLIN) 7093
Kişisel Ad Kızılelma, Özden
740 ## - KATMA GİRİŞ - KONTROLSUZ İLGİLİ / ANALİTİK BAŞLIK
Kontrol Edilmeyen / İlgili Analitik Başlıktaki köy enstitülü Hüseyin Dündar Kızılelma anlatıyor
942 ## - EKLENDİ GİRİŞ ELEMANLARI (KOHA)
Sınıflandırma Veya Raf Düzeni Kaynak Dewey Decimal Classification
Koha Öğesi Türü Books
Holdings
Kalıcı Konum Mevcut Konum Edinme Tarihi Toplam Check-Out'Lar Tam Çağrı Numarası Barkod Tarih Son Görülme İtibaren Geçerli Fiyatlar Koha Öğesi Türü
CHP Kütüphanesi CHP Kütüphanesi 05/18/2022   814.42 A41d 2018 020446 05/18/2022 05/18/2022 Books